00523nam a2200193 a 4500001001300000003000900013005001700022008004100039020001000080082001500090100002400105245007500129260003300204300000900237500003500246505001000281650001400291700002400305nice12345678IN_TiNIC20260116012541.0050524s1944 lona grp 000 0 eng  ac10000a232.3bQUI aQuick, Oliver Chase aGospel of the New Worldb Study in the Christian Doctrine of Atonement aLondonbNisbet and Co.c1944 a199p aincludes index and biblioraphy2 aIndex aAtonement1 aQuick, Oliver Chase